| 000 | 00613nam a2200193 a 4500 | ||
|---|---|---|---|
| 005 | 20140310183336.0 | ||
| 008 | 061004s19uu xx 00 eng d | ||
| 020 | _a0141002085 | ||
| 050 |
_aHD 30.37 _b.M388 2002 |
||
| 100 | _aMcCormack, Mark H. | ||
| 245 |
_aNever wrestle with a pig: _band ninety other ideas to build your business and career. / _cMark H. McCormack |
||
| 260 |
_aLondon : _bPenguin Books, _c2002. |
||
| 300 |
_a288 p. : _c22 cm. |
||
| 521 | _aBSBA | ||
| 650 |
_aBusiness enterprises _xComputer networks. |
||
| 650 |
_aInternet _xComputer network. |
||
| 942 |
_cBK _2lcc _kFOR |
||
| 999 |
_c21697 _d21697 |
||